Counties of Florida by Borders in 1 Minute - Statistics

General Stats
  • This quiz has been taken 426 times
  • The average score is 46 of 67
Answers on the Map
Answers color-coded by a green-red scale on the quiz's map according to % correct below.
 
Answer Stats
Seat County % Correct
Bartow Polk
88%
East Naples Collier
87%
Fort Lauderdale Broward
84%
Tavares Lake
84%
Miami Miami-Dade
84%
Orlando Orange
84%
Kissimmee Osceola
84%
Bradenton Manatee
81%
DeLand Volusia
81%
Tampa Hillsborough
80%
Titusville Brevard
79%
LaBelle Hendry
79%
Okeechobee Okeechobee
79%
Sanford Seminole
79%
Moore Haven Glades
78%
Dade City Pasco
78%
Wauchula Hardee
75%
Sebring Highlands
75%
Macclenny Baker
74%
Green Cove Springs Clay
74%
Key West Monroe
74%
Bushnell Sumter
74%
Jacksonville Duval
72%
Panama City Bay
71%
Punta Gorda Charlotte
71%
Marianna Jackson
71%
Bristol Liberty
71%
Fernandina Beach Nassau
71%
Clearwater Pinellas
71%
Chipley Washington
71%
Quincy Gadsden
70%
West Palm Beach Palm Beach
70%
St. Augustine St. Johns
70%
Ocala Marion
68%
Blountstown Calhoun
67%
Arcadia DeSoto
67%
Bonifay Holmes
67%
Fort Myers Lee
67%
Stuart Martin
67%
Palatka Putnam
67%
Gainesville Alachua
65%
Monticello Jefferson
65%
Bronson Levy
64%
Sarasota Sarasota
64%
DeFuniak Springs Walton
64%
Trenton Gilchrist
63%
Vero Beach Indian River
63%
Crawfordville Wakulla
63%
Lake City Columbia
62%
Tallahassee Leon
62%
Madison Madison
61%
Perry Taylor
61%
Stark Bradford
60%
Lake Butler Union
60%
Inverness Citrus
59%
Mayo Lafayette
58%
Port St Joe Gulf
57%
Fort Pierce St. Lucie
57%
Bunnell Flagler
56%
Milton Santa Rosa
55%
Pensacola Escambia
54%
Brooksville Hernando
54%
Live Oak Suwannee
54%
Cross City Dixie
53%
Apalachicola Franklin
51%
Jasper Hamilton
50%
Crestview Okaloosa
49%
No matching quizzes found
Score Distribution
Percent of People with Each Score
Percentile by Number Answered
Your Score History
You have not taken this quiz